000 01138cam a22003373a 4500
001 0000806
003 DO-SdBPM
005 20260319133213.0
007 ta
008 8611122010 mx a 000 0 spa d
010 _a
020 _a9789681905460
040 _aDO-SdBPM
_cspa
_dBPMSU
_d
_erda
082 0 4 _aM863.6
_bH663m 2010
_222
100 1 _aHinojosa, Francisco
_d1954-
_eautor
_4aut.
_947
245 1 3 _aMi hermana quiere ser una sirena /
_cFrancisco Hinojosa ; ilustraciones El Fisgón
264 _aMéxico :
_bSantillana ediciones generales,
_c2010.
300 _a[46] páginas :
_bilustraciones
_c19 cm.
336 _atexto
_b txt
_2rdacontent
337 _asin mediación
_bn
_2rdamedia
490 0 _aAlfaguara juvenil
_8amarilla
521 _aA partir de 6 años.
534 _pTítulo original.
_tThe bear that wasn't.
590 _aInventariado, 2026/VM
650 7 _aCuentos infantiles mexicanos
650 7 _a Hermanos y hermanas
_v Cuentos infantiles
650 7 _aLibros ilustrados para niños
700 1 _aEl Fisgón
_eilustración
910 _aVMateo V. Control de calidad. BPMSU
942 _2ddc
_cBK
999 _c11910
_d11910